Synthesis of optimum control systems /
Guardado en:
| Autor Principal: | |
|---|---|
| Formato: | Libro |
| Idioma: | English |
| Publicado: |
New York :
McGraw-Hill,
1961.
|
| Series: | McGraw-Hill series in control systems engineering
|
| Materias: | |
| Etiquetas: |
Agregar Etiqueta
Sin Etiquetas, Sea el primero en etiquetar este registro!
|
| LEADER | 00664cam a22001935a 4500 | ||
|---|---|---|---|
| 001 | MAT.inmabb004504 | ||
| 008 | 730223s1961####nyua#####b####001#0#eng## | ||
| 005 | 20170607150718.0 | ||
| 245 | 1 | 0 | |a Synthesis of optimum control systems / |c Sheldon S. L. Chang. |
| 260 | |a New York : |b McGraw-Hill, |c 1961. | ||
| 300 | |a xii, 381 p. : |b il. ; |c 24 cm. | ||
| 440 | 0 | |a McGraw-Hill series in control systems engineering | |
| 504 | |a Incluye referencias bibliográficas (p. 347-375). | ||
| 100 | 1 | |a Chang, Sheldon S. L. | |
| 084 | |a 93-XX |2 msc2000 | ||
| 650 | 0 | |a Feedback control systems. | |
| 010 | |a 61009111 | ||
| 040 | |a DLC |c ODaWU |d Uk |d DLC | ||
| 859 | |h 93 |i C456 |p A-6214 |b BIB. MATEMATICA | ||
